[Event "St Petersburg White Nights"]
[Site "St Petersburg"]
[Date "1999.06.27"]
[Round "2"]
[White "Yudasin, Leonid"]
[Black "Biriukov, Oleg V"]
[Result "1/2-1/2"]
[WhiteElo "2549"]
[BlackElo "2407"]
[Annotator "Tsesarsky,I"]
[PlyCount "57"]
[EventDate "1999.06.26"]
[EventType "tourn"]
[EventRounds "9"]
[EventCountry "RUS"]
[EventCategory "8"]
[SourceTitle "CBM 072"]
[Source "ChessBase"]
[SourceDate "1999.10.01"]
[SourceVersion "1"]
[SourceVersionDate "1999.10.01"]
[SourceQuality "1"]

1. e4 e5 2. Nf3 Nf6 3. Nc3 Nc6 4. Bb5 Nd4 5. Ba4 c6 6. d3 b5 7. Bb3 Nxb3 8.
axb3 d6 9. h3 (9. Ne2 Bg4 10. Ng3 Nh5 11. Nf1 (11. h3 Nxg3 12. fxg3 Bd7 13. O-O
$11 {1/2-1/2 Bosch,J-Van Gisbergen,S/NED ch ,CBM 1994 (16)}) 11... Qf6 12. h3
Bxf3 13. Qxf3 Qxf3 14. gxf3 d5 15. Ng3 Nxg3 16. fxg3 Bc5 17. Bd2 $11 {1/2-1/2
Nielsen,P-Sobjerg,E/Copenhagen op ,EXT 1993 (42)}) (9. O-O Be7 10. Ne2 Bg4 $11)
9... Be7 (9... g6 10. O-O (10. d4 Qc7 11. dxe5 dxe5 12. Qd3 Bg7 13. O-O O-O 14.
Rd1 Bb7 15. Bg5 a6 (15... Rfd8 $11) 16. Qd6 Qxd6 17. Rxd6 Ne8 18. Rd7 Bc8 19.
Rd8 f6 20. Be3 Nc7 21. Rd6 Bb7 22. Rd7 Rf7 23. Rad1 Raf8 24. Rxf7 Rxf7 25. Rd8+
Bf8 26. Bh6 Ne6 27. Rb8 Rd7 28. Ne1 Kf7 29. Bxf8 Nxf8 $11 {1/2-1/2 Van Den
Berg,A-Van Gisbergen,S/NLD-chT 1995 (40)}) 10... Bg7 11. b4 O-O 12. d4 Qc7 13.
Be3 Re8 14. Re1 a6 15. Qd2 Bb7 16. dxe5 dxe5 17. Bc5 Rad8 $11 {1-0 Stoinev,
M-Gavrilov,A/Riazan 1993 (40)}) 10. O-O O-O 11. Ne2 Qc7 (11... Re8 12. Ng3 a5 (
12... Bf8 13. Qe1 d5 14. Qa5 Qd6 15. Bg5 Nd7 16. Nf5 Qb8 17. Bd8 Qb7 18. Bc7 f6
$132 {0-1 Van Den Berg Ad-Van Gisbergen Stan/Ch Netherlands (team) 1996 (69)})
13. d4 Qc7 14. Re1 $11 {1/2-1/2 Short,N-Tkachiev,V/Moscow olm ENG-KGZ ,CBM
1994/ (37)}) 12. Ng3 Bd7 (12... d5 13. Nh2 Be6 14. Qf3 Rfd8 15. Nf5 Bxf5 16.
Qxf5 dxe4 17. dxe4 Rd4 18. Be3 Rdd8 19. Nf3 Nd7 20. Ng5 Bxg5 21. Bxg5 Re8 22.
Rfd1 Nf8 23. Be3 Ne6 24. Rd2 a5 25. Qg4 Red8 26. Rad1 Rxd2 27. Rxd2 a4 $11 {
1/2-1/2 Kulish,I-Maric,A/Kishinev ztW ,EXT 1995 (29)}) 13. d4 Rfe8 14. Re1 (14.
Be3 exd4 $11) (14. dxe5 dxe5 $11) 14... exd4 15. Qxd4 (15. Nxd4 Qb7 (15... d5
16. e5 (16. exd5 cxd5 (16... Nxd5 17. Nxb5 cxb5 18. Qxd5 Rad8 $44 {[%csl Rc2,
Gd7,Ge7]}) 17. Bg5 $11) 16... Bc5 (16... Ne4 17. Nxe4 dxe4 18. Rxe4 c5 19. Nf3
(19. e6 fxe6 20. Nf3 Bf6 $11) 19... Qc6 (19... Rad8 20. Qe2 Bf5 21. Rf4 Qd7 22.
Be3 $14) 20. Re3 Bf5 21. Qe2 Red8 $44) 17. Bf4 (17. exf6 Rxe1+ 18. Qxe1 Bxd4
19. Nh5 (19. fxg7 Qxg3 $19) 19... Re8 20. Be3 g6 21. c3 Bxe3 22. Ng7 Re4 23.
fxe3 Qe5 24. Rxa7 Qxf6 25. Rxd7 Kxg7 $15) 17... Be6 18. b4 Bxd4 19. Qxd4 Nd7
20. Ra6 Nb6 21. Rea1 Qb7 $11) 16. Ndf5 Bxf5 17. Nxf5 Bf8 18. f3 d5 19. Bg5 Bc5+
20. Kh1 Re6 $11) 15... c5 16. Qd3 Bc6 (16... Qb7 17. c4 Bc6 18. Bg5 a6 $132)
17. Bf4 Qb7 18. Nd2 (18. c4 bxc4 19. bxc4 Bf8 (19... Qxb2 $2 20. Reb1 $18) 20.
Nd2 Qxb2 21. Nb3 {Like later in this game, but with a little difference -
White stand good} Nd7 22. Na5 $44) 18... Bf8 19. c3 $2 $15 (19. c4 $5 $132)
19... Re6 20. Re2 (20. Bg5 h6 21. Bxf6 Rxf6 22. Nh5 Re6 23. Nf4 Re5 24. c4 bxc4
25. bxc4 (25. Nxc4 Bxe4 (25... Rxe4 26. Rxe4 Bxe4 27. Nxd6 Bxd3 28. Nxb7 Be4
29. Na5 Bd6 $17) 26. Nxd6 Bxd3 27. Nxb7 Rxe1+ 28. Rxe1 Ba6 29. Na5 Bd6 $17 {
Two echo-variants!}) 25... Qxb2 26. Rab1 Qd4 (26... Qa2 27. Ra1 Qb2 28. Rab1
Qa2 $11) 27. Qxd4 (27. Qc2 Ree8 $17) 27... cxd4 28. Nd5 (28. f3 a5 29. Nb3 a4
30. Nxd4 Rc5 31. Rb4 a3 32. Nd3 Be8 33. Kf2 Rcc8 $19 {[%csl Ra1][%cal Ga3a2,
Gg7g6,Gf8g7]}) 28... f5 29. exf5 (29. f4 Ree8 30. Nc7 (30. Kf2 a5 31. exf5 a4
32. Nf3 Rxe1 33. Kxe1 a3 34. f6 (34. Nxd4 a2 35. Ra1 Bxd5 36. cxd5 Be7 $19 {
[%cal Ge7f6]}) 34... a2 35. Ra1 Ra4 $19) 30... fxe4 31. Nxa8 Bxa8 $17) 29...
Bxd5 30. cxd5 Rxd5 (30... a5 31. Rxe5 dxe5 32. Nc4 a4 33. Ra1 a3 34. Nxe5 Ra5
35. Nc4 Rxd5 36. Nxa3 Ra5 37. Nc2 d3 38. Rxa5 dxc2 39. Ra1 Ba3 40. g4 c1=Q+ 41.
Rxc1 Bxc1 42. Kg2 $11 {[%csl Gc1,Gh1]}) 31. g4 a5 $17) 20... Rae8 21. Rae1 h6
22. f3 (22. c4 bxc4 23. bxc4 Qxb2 24. Nb3 Qa3 25. Ra1 Qb4 $17) 22... g6 23. c4
(23. b4 $6 cxb4 24. cxb4 d5 25. e5 Nd7 26. Qd4 g5 27. Be3 Rxe5 28. f4 gxf4 29.
Qxf4 R5e6 $17) 23... bxc4 24. bxc4 $2 $17 (24. Nxc4 $1 d5 25. exd5 Nxd5 26. Bd6
$1 Rxe2 27. Rxe2 Rxe2 28. Nxe2 $15) 24... Qxb2 25. Nb3 Qa3 26. Ra1 Qb4 27. Rxa7
d5 $3 28. Nd2 (28. cxd5 Nxd5 29. exd5 (29. Bd2 c4 30. Bxb4 (30. exd5 cxd3 31.
Bxb4 Rxe2 32. Bxf8 Re1+ 33. Kh2 Bxd5 $19) 30... cxd3 $19) 29... Rxe2 30. Nxe2
c4 $1 31. Qc3 cxb3 32. dxc6 b2 33. Qxb4 Bxb4 $19) (28. exd5 Rxe2 29. Nxe2 Qe1+
30. Kh2 Rxe2 31. dxc6 Qf2 $19) 28... dxe4 29. Ndxe4 $17 (29. Ndxe4 Nxe4 (29...
Bxe4 30. Nxe4 Nxe4 31. fxe4 Bg7 $15) 30. fxe4 (30. Nxe4 f5 31. Nf6+ Rxf6 32.
Rxe8 Bxe8 $19) 30... Qb6 31. Ra1 Qb7 32. Rae1 Qe7 33. Kh1 Bg7 $17) 1/2-1/2

[Event "Metalska Trgovina CC 90"]
[Site "Ljubljana"]
[Date "2002.01.31"]
[Round "11"]
[White "Podlesnik, Bogdan"]
[Black "Pavasovic, Dusko"]
[Result "0-1"]
[WhiteElo "2397"]
[BlackElo "2547"]
[Annotator "Tsesarsky,I"]
[PlyCount "64"]
[EventDate "2002.01.19"]
[EventType "tourn"]
[EventRounds "11"]
[EventCountry "SLO"]
[EventCategory "11"]
[SourceTitle "CBM 088"]
[Source "ChessBase"]
[SourceDate "2002.03.21"]
[SourceVersion "1"]
[SourceVersionDate "2002.03.21"]
[SourceQuality "1"]

1. e4 e5 2. Nf3 Nc6 3. Nc3 Nf6 4. Bb5 Bd6 {This nonstandard move's target is
to avoid position simplifying in wellknown long theoretical variation. This
move, however, obstructs Pd7 and Bc8, but sometimes Bc8 is developed on b7
square.} 5. d3 ({Another continuation is} 5. O-O O-O (5... a6 6. Bc4 b5 7. Bd5
O-O 8. d4 Nxd5 9. exd5 Nxd4 10. Nxd4 exd4 11. Qxd4 Re8 $11 {1/2-1/2 Gruber,
B-Puc,S/Ljubljana 1947/EXT 99 (41)}) 6. Re1 (6. d4 exd4 7. Nxd4 Nxd4 8. Qxd4
Re8 {[%csl Rc3,Re4][%cal Gd6e5,Ge5c3,Ge8e4]} (8... c6 $2 9. Qxd6 cxb5 10. e5
$16 {1-0 Priborsky,M-Pokorny,J/Plzen 1998/EXT 2000 (21)}) 9. f3 (9. Bd3 Be5 10.
Qc4 c6 $132 {[%cal Gd7d5]}) 9... Be5 10. Qf2 (10. Qd3 c6 11. Ba4 Qc7 {[%csl
Rh2][%cal Gc7h2]} 12. h3 Nh5 13. Ne2 d5 $1 14. f4 (14. exd5 Bh2+ 15. Kf2 (15.
Kh1 Rxe2 $19) 15... Bf5 $19) 14... dxe4 15. Qxe4 Nf6 16. Qf3 Bd6 $15) 10... c6
11. Bd3 Qc7 12. Qh4 d5 $11) 6... Re8 7. d4 (7. h3 Nd4 8. Bc4 c6 9. a3 Bc7 10.
d3 Ne6 11. Ba2 d6 12. b4 a5 $11 {1/2-1/2 Bunzmann,D-Hector,J/Fuerth 2000/EXT
2001 (35)}) 7... exd4 8. Nxd4 Nxd4 9. Qxd4 Be5 {This position we had already
seen above.} 10. Qd3 c6 11. Ba4 a5 (11... Qc7) 12. a3 b5 13. Bb3 Ba6 (13... Qc7
) 14. Qf3 Qb8 15. g3 c5 16. Bd5 Bxc3 17. Qxc3 Nxd5 18. exd5 Qd6 $15 {0-1
Barglowski,F-Malaniuk,V/Bydgoszcz POL 2001/The Week in Chess 339 (40)}) 5... h6
(5... O-O 6. O-O h6 (6... b6 7. Ne2 Re8 8. Ng3 a6 9. Bxc6 dxc6 10. b3 Nd7 11.
Bb2 c5 12. Nf5 Bf8 13. Nd2 g6 14. Ne3 Bg7 $11 {1/2-1/2 Lemmers,O-Motwani,P/BEL
1997/EXT 98 (37)}) 7. Ne2 Ne7 8. Ba4 c6 9. Ng3 Bc7 10. Re1 Re8 (10... Ng6 11.
d4 d6 12. c3 $11) 11. Nh4 d5 12. h3 b5 13. Bb3 dxe4 14. dxe4 c5 15. c3 Qxd1 16.
Bxd1 Bb7 17. Bc2 $11 {1-0 Zubov,O-Bochkarev,A/Sevastopol 2000/EXT 2001 (24)}) (
5... Nd4 6. Bg5 c6 7. Ba4 b5 8. Bb3 Qe7 9. O-O a5 10. a3 Nxb3 (10... c5 $2 11.
Nd5 $16 {1/2-1/2 Ober,H-Huebner,S/Verden 1999/EXT 2001 (31)}) 11. cxb3 $11) 6.
h3 (6. Be3 O-O (6... b6 7. Bxc6 dxc6 8. Ne2 Bb7 9. c4 c5 10. Ng3 g6 11. O-O Qd7
12. a4 a5 13. h3 O-O-O $132 {1/2-1/2 Laiz,J-Gonzalez,E/Santiago 1994/EXT 2001 
(47)}) 7. h3 a6 8. Ba4 b5 9. Bb3 Bb4 10. O-O Bxc3 11. bxc3 d5 12. exd5 Nxd5 {
1/2-1/2 Frog,I-Kholmov,R/Moscow 1996/EXT 99 (21)}) (6. a3 b6 (6... O-O 7. h3
Re8 8. Be3 Ne7 9. O-O Ng6 10. Re1 c6 11. Ba4 Bc7 12. d4 exd4 13. Bxd4 d6 $11 {
0-1 Becker,W-Hector,J/Germany 1999/GER-chT2 (26)}) 7. Bxc6 dxc6 8. h3 c5 9. Be3
Nd7 10. Qd2 Bb7 11. g4 h5 12. O-O-O Nf8 $132 {0-1 Seibold,H-Hector,J/Fuerth
2000/EXT 2001 (24)}) (6. O-O O-O 7. Ne2 a6 (7... Re8 8. Ng3 a6 9. Bxc6 dxc6 10.
b3 c5 $132 (10... Be6 11. Bb2 Nd7 (11... c5 12. Nxe5) 12. d4 exd4 13. Nxd4 Qh4
14. f4 g6 15. Qd2 Rad8 16. Kh1 f6 17. Rae1 g5 18. e5 $1 $16 {1-0 Gallagher,
J-Cooper,L/Birmingham ENG 2001/The Week in Chess 360 (27)})) 8. Bxc6 (8. Ba4 b5
9. Bb3 Na5 10. Ng3 Re8 11. h3 Bf8 12. Nh2 d5 13. Qf3 c6 14. Nf5 Kh7 15. Ng4
Nxg4 16. hxg4 Nxb3 17. axb3 g6 18. Ne3 Be6 $15 {0-1 Koscielski,J-Rabiega,R/Bad
Wiessee 2000/EXT 2001 (35)}) 8... dxc6 9. b3 $132) 6... O-O ({Possible also
another plan - in view of fact of Pe5 protection by Bd6 -} 6... a6 7. Ba4 (7.
Bxc6 dxc6 $132) 7... b5 8. Bb3 Na5 $132 {[%csl Rb3,Re5][%cal Gd6e5,Gf3e5,Ga5b3]
}) 7. g4 {Looks premature activity. Better was to complete pieces development
first.} a6 8. Bxc6 dxc6 9. Ne2 Nh7 10. Ng3 c5 {[%csl Gd4]} 11. Nf5 Re8 12. Be3
(12. Nxd6 cxd6 $132) 12... Bf8 13. Qd2 Qf6 14. h4 (14. O-O-O {[%cal Gd1g1]
would meet by} g6 $1 {[%csl Rf3,Rf5]} 15. N5h4 (15. Nxh6+ Bxh6 16. Bxh6 Qxf3
$19) 15... Qg7 (15... Be7 16. Rdg1 $36) 16. g5 hxg5 17. Nxg5 Nxg5 18. Bxg5 Be6
19. Kb1 c4 20. Rhg1 b5 $132) 14... h5 15. g5 ({Dubious is} 15. gxh5 $6 {
in view of} Bxf5 16. exf5 e4 $1 (16... Qxf5 17. Ng5 Rad8 18. Qc3 Qg4 19. Qb3 (
19. Nxh7 Kxh7 20. Bxc5 Bxc5 21. Qxc5 e4 $17) 19... c4 20. dxc4 Qg2 21. Rf1 Nf6
22. Bd2 Rd4 23. O-O-O Rxh4 24. f4 $13) 17. dxe4 Qxb2 18. Rd1 Rxe4 $17 {[%csl
Ra2,Rc2,Rf5,Rh4,Rh5]}) 15... Qc6 {[%csl Rf3][%cal Gc8f5,Gc6f3] Threatening
Bxf5.} 16. Ng3 g6 17. Qc3 {[%csl Re5][%cal Gf3e5]} Bd6 18. Nf1 (18. Nd2 $132 {
[%cal Gd2c4]}) 18... Nf8 {[%cal Gf8e6,Ge6d4,Ge6f4]} 19. N1d2 Bg4 20. Rg1 (20.
Nh2 Be6 21. Nc4 $11) 20... b5 21. b4 $6 $15 {We can understand White's desire
to stop black PP promotion on the queenside, but the move in text is not best.}
(21. O-O-O $142 a5 22. Rxg4 hxg4 23. Nh2 Qd7 24. Bxc5 $13) (21. Rg3 $142 $132)
21... a5 22. Bxc5 $2 $17 {Mistake, based on wrong variations calculation.} ({
Of course, right was} 22. bxc5 Nd7 23. d4 exd4 24. Nxd4 Be5 (24... Qxc5 25.
Qxc5 Nxc5 26. f3 Bd7 $15 {Black has pair of BB.}) 25. f4 Bxd4 26. Bxd4 b4 27.
Qe3 Bf5 28. e5 Bxc2 $15 {[%csl Re1]}) 22... Bxf3 23. Nxf3 axb4 $1 24. Bxb4 Bxb4
{White can't play Qxc6...} 25. Qxb4 Qxc2 {[%csl Re1]} 26. Qd2 Qc5 {[%csl Rd3,
Re1][%cal Gf8e6,Ge6d4,Ge6f4]} 27. Ke2 $2 $19 {Makes defence hopeless.} ({
More stubborn was} 27. Kf1 Ne6 $17) 27... Ne6 28. Rgc1 Qd6 29. Rcb1 (29. Kf1
Nf4 30. Ne1 Ra3 $19 {[%csl Ra2,Rd3,Rf1][%cal Ge8a8]}) 29... Nf4+ 30. Ke3 Rad8 (
{Wins by force} 30... Qc5+ 31. d4 Ra3+ 32. Rb3 Ng2+ 33. Ke2 Qc4+ 34. Kd1 Rxb3
$19) 31. Rb3 c5 (31... Qc5+ 32. d4 Ng2+ 33. Ke2 Qc4+ $19) 32. Qc3 (32. Rd1 Qd7
$19) 32... c4 0-1

[Event "FIDE-Wch k.o."]
[Site "Moscow"]
[Date "2001.12.02"]
[Round "3.6"]
[White "Motylev, Alexander"]
[Black "Shirov, Alexei"]
[Result "1/2-1/2"]
[WhiteElo "2641"]
[BlackElo "2706"]
[Annotator "Tsesarsky,I"]
[PlyCount "123"]
[EventDate "2001.11.27"]
[EventType "k.o."]
[EventRounds "7"]
[EventCountry "RUS"]
[SourceTitle "CBM 086"]
[Source "ChessBase"]
[SourceDate "2002.02.05"]
[SourceVersion "1"]
[SourceVersionDate "2002.02.05"]
[SourceQuality "1"]

1. e4 e5 2. Nf3 Nc6 3. Nc3 Nf6 4. Bb5 Nd4 5. Ba4 Bc5 6. Nxe5 O-O 7. Nd3 Bb6 8.
e5 Ne8 9. Nd5 d6 10. Ne3 dxe5 11. Nxe5 Qg5 12. N5c4 f5 13. h4 $16 {Shirov
didn't equalize in previous game between the same players and nevertheless
repeats bad opening variation. Black hasn't sufficient compensation for P lack.
} Qf6 (13... Qg6 {-see detailed commented game - the first game between the
same players - 1-0 Motylev,A-Shirov,A/Moscow 2001/CBM 86_03 [Tsesarsky,I](89)})
14. f4 Nd6 ({Or} 14... Qh6 15. g3 Qg6 16. Rg1 Nd6 17. Ne5 $16) (14... Qg6 15.
O-O $16) 15. c3 Nxc4 ({Black keeps his advantage also in case of} 15... Nc6 16.
Nxb6 axb6 17. d4 $16) 16. Nxc4 Qg6 17. Kf1 ({Worth of attention} 17. cxd4 Qxg2
(17... Qg3+ 18. Kf1 Qxf4+ 19. Qf3 $18) 18. Rf1 Qg3+ 19. Rf2 Bxd4 20. Ne3 Qxh4
21. Qf3 $16) 17... Be6 $2 $18 {Incorrect piece sacrifice. Black must
complicate the game in any case...} (17... Nc6 $142 18. d4 $16 {[%cal Gc4e5]})
18. Ne5 Qg3 19. cxd4 Bd5 {[%csl Rg2][%cal Gd5g2]} 20. Qe2 Qxf4+ 21. Nf3 c6 22.
d3 Qd6 23. Be3 Rae8 24. Qd2 Ba5 25. Bf4 $1 ({Badly is to capture on a5:} 25.
Qxa5 $4 Rxe3 26. Rh3 Bxf3 27. Bb3+ Kh8 28. Rxf3 Rxf3+ 29. gxf3 Qg3 30. Qd2
Qxf3+ 31. Kg1 Qg4+ $44) 25... Qg6 (25... Bxd2 26. Bxd6 $18 {[%cal Gd6e5]}) 26.
Qf2 ({Wins easily also} 26. Qxa5 Qg4 27. Bb3 (27. Be5 Bxf3 28. Bb3+ Kh8 29. Qd2
$18 (29. gxf3 Qxf3+ 30. Kg1 Qe3+ 31. Kf1 Qf3+ $11)) 27... Bxb3 28. axb3 Qxf4
29. Re1 Re3 30. Rxe3 Qxe3 31. Qd2 $18) 26... Qg4 27. Be5 f4 28. Bd1 ({Or} 28.
Bb3 $18) 28... Qf5 29. Qe2 c5 {[%csl Re5][%cal Gc5d4,Gd5f3]} 30. Bb3 Rd8 31.
Qe4 Qd7 32. Ng5 g6 33. Bxd5+ ({Immediately wins} 33. h5 {[%cal Gh5g6]} f3 34.
Bxd5+ Qxd5 35. hxg6 $18) 33... Qxd5 34. Qxd5+ (34. h5 $18) 34... Rxd5 35. Ne6 (
35. Ne4 $18) 35... Re8 36. Nxf4 Rd7 37. Ne2 Rf7+ 38. Bf4 cxd4 39. g3 $6 ({
Why not} 39. Rh3 $1 {[%cal Gh3f3] and White keeps piece over.} Rxe2 (39... Bd2
40. Rf3 Rxe2 41. Kxe2 Bxf4 42. Raf1 $18) 40. Kxe2 Rxf4 41. Rf1 $18) 39... h6 {
[%cal Gg6g5] threatening g6-g5} 40. Nxd4 $6 ({The only way to keep winning
position was} 40. b4 $1 Bxb4 (40... Bb6 41. Ke1 $18) 41. Rb1 a5 42. a3 Bxa3 43.
Rb6 Rfe7 44. Rh2 Kg7 45. Rb5 Bb4 46. Rf2 $18 {[%csl Rd4]}) 40... g5 41. hxg5
hxg5 42. Rh5 Bd8 $1 {Despite all inaccurances position of White stil is
winning.} (42... gxf4 43. Rxa5 fxg3+ 44. Kg2 $18) 43. Ne2 $2 {Serious mistake.}
({Not} 43. Re1 $2 Rxe1+ 44. Kxe1 gxf4 45. gxf4 Rxf4 46. Ne6 Rh4 $16) ({Right
was only} 43. Nb5 $1 {[%cal Gb5d6] threatening Nd6} Ref8 44. Ke2 (44. Nd6 Rd7
45. Ne4 gxf4 46. gxf4 Rxf4+ 47. Ke2 Bb6 48. Rah1 $16) 44... gxf4 45. gxf4 Rxf4
46. Rg1+ Kf7 47. Rh7+ Ke6 48. Rg6+ Kf5 (48... Bf6 49. Rxb7 $18) 49. Rg2 {
[%csl Ra7,Rb7]} Bf6 50. Rxb7 $18) 43... gxf4 44. Nxf4 $5 ({Or} 44. gxf4 $5 Bf6
45. Rb5 Re3 46. Rd1 Rfe7 47. Rd2 Rf3+ 48. Kg2 Rfe3 $16) 44... Bc7 45. Rg5+ Kf8
46. Rg4 Re3 47. Rd1 Bxf4 48. gxf4 Rd7 49. Rh4 ({Worth of attention} 49. d4 $5
Re4 $1 (49... Rd5 50. Rg5 Rxg5 51. fxg5 Rg3 52. Rc1 Rxg5 53. Rc7 Ra5 54. a3 b6
55. Ke2 $18) 50. d5 Rf7 51. Kf2 Rexf4+ 52. Rxf4 Rxf4+ 53. Ke3 Rf7 (53... Rh4
54. Rc1 $16) 54. Rh1 Ke7 55. Ke4 $16) 49... Kg7 50. Kf2 ({Now} 50. d4 {is not
so effective:} Kf6 $1 (50... Rd5 51. Kf2 Re4 52. Rg1+ $18) 51. d5 Kf5 52. Rd4
Rde7 (52... Re4 53. Rh5+ $18) 53. Rh5+ Kf6 54. Rd2 (54. d6 Re1+ 55. Kg2 R1e2+
$11) 54... Rf3+ 55. Rf2 Rd3 56. Re2 Rf3+ 57. Kg2 Rxe2+ 58. Kxf3 Rxb2 $14) 50...
Rexd3 $44 51. Rxd3 Rxd3 52. Ke2 Rg3 53. Kd2 b6 54. a4 {This move allows Black
to build fortess.} (54. Rh2 Rf3 (54... Kf6 55. Rf2 Kf5 56. Kc2 $14) 55. Re2
Rxf4 56. Re7+ Rf7 57. Rxf7+ Kxf7 58. Kd3 Ke6 59. Kc4 a6 $11) (54. Rh5 Rg2+ (
54... Kf6 55. Rh7 Kf5 56. Rxa7 Kxf4 57. Rb7 Rg6 58. Kd3 Ke5 59. Kc4 $18) 55.
Kc3 Rf2 56. Rf5 Kg6 57. Rf8 Kg7 58. Ra8 a5 59. Rb8 Rf3+ 60. Kd2 Rf2+ $44 {
[%csl Rb2,Rf4]}) 54... Rb3 55. Kc2 Rb4 56. b3 a5 $11 57. Kc3 Re4 58. Kd3 Rb4
59. Kc2 Rd4 60. Kc3 Re4 61. Rg4+ Kf7 62. Rh4 {Dramatic game!} 1/2-1/2

[Event "Moscow Aeroflot op"]
[Site "Moscow"]
[Date "2002.02.07"]
[Round "4"]
[White "Yemelin, Vasily"]
[Black "Kharlov, Andrei"]
[Result "1-0"]
[WhiteElo "2522"]
[BlackElo "2638"]
[Annotator "Tsesarsky,I"]
[PlyCount "77"]
[EventDate "2002.02.04"]
[EventType "swiss"]
[EventRounds "9"]
[EventCountry "RUS"]
[SourceTitle "CBM 088"]
[Source "ChessBase"]
[SourceDate "2002.03.21"]
[SourceVersion "1"]
[SourceVersionDate "2002.03.21"]
[SourceQuality "1"]

1. e4 e5 2. Nf3 Nc6 3. Bb5 Nf6 4. Nc3 Bd6 5. d3 h6 6. h3 O-O 7. g4 {This
variation became fashionable...} Re8 $6 {Too optimistic...} ({Better was} 7...
a6 8. Bxc6 dxc6 {-see detailed commented game 0-1 Podlesnik,B-Pavasovic,D/
Ljubljana 2002/CBM 88_01 [Tsesarsky,I](32)}) 8. g5 hxg5 9. Bxg5 {[%csl Rc8,Rd6,
Rf6][%cal Gh1g1,Gg5d8] White can be satisfyed by opening results: g-file is
open for Attack, Bg5 makes unpleasnt pin, Bd6 still obscures Pd7 and Bc8...}
Nd4 ({Another interesting continuation is} 9... Bb4 10. Rg1 Nd4 11. Bc4 Ne6 (
11... c6 12. a3 Bxc3+ 13. bxc3 Ne6 14. Bxe6 Rxe6 15. Nh4 $40) 12. Bxe6 Rxe6 13.
Qd2 $40) 10. Nd5 $1 Be7 ({Badly is} 10... c6 $2 {in view of} 11. Nxd4 exd4 12.
Nxf6+ gxf6 13. Bh6 {with decisive Attack:} Re5 14. Rg1+ Rg5 (14... Kh7 15. Qg4
$18) 15. Bxg5 fxg5 16. Qh5 Bf4 17. Bc4 $18) 11. Nxe7+ Qxe7 12. Nxd4 ({Not so
effective} 12. Bc4 $6 {in view of reply} d5 $1 ({Dubious is} 12... Qb4+ 13. c3
Nxf3+ 14. Qxf3 Qxb2 15. Rd1 {[%csl Rf6][%cal Gh1g1]} d5 16. Bxf6 Qxc3+ 17. Kf1
gxf6 18. Bxd5 $1 (18. Qxf6 $2 Re6 (18... dxc4 19. Rg1+ Kf8 20. Rg7 Re7 21. Qg5
Ke8 22. dxc4 $18) 19. Rg1+ Kf8 20. Qh8+ Ke7 21. Bxd5 (21. exd5 Rf6 22. Re1 Bf5
$17) 21... Rf6 $132) 18... Be6 19. Qxf6 Qc2 (19... Bxd5 20. Rg1+ Kf8 21. exd5
Qc2 22. Ke1 (22. Qh8+ Ke7 23. Qxe5+ Kd8 24. Qh5 $16) 22... Qc3+ 23. Ke2 Qb2+
24. Rd2 Qb6 25. Qg7+ Ke7 26. Rg5 $16)) 13. Nxd4 (13. Bxd5 Qb4+ 14. c3 Nxf3+ 15.
Qxf3 Qxb2 16. Bxf6 Qxa1+ 17. Ke2 Qb2+ 18. Kf1 gxf6 19. Qh5 Be6 20. Bxe6 Qc1+
21. Ke2 Qc2+ 22. Ke3 Rxe6 23. Qh6 f5 24. Rg1+ Rg6 25. Rxg6+ fxg6 26. Qxg6+ $11)
13... dxc4 14. Nf3 $132) 12... exd4 13. Rg1 {[%cal Gg1g8] Clear and straight.}
({Worth of attention also} 13. Bc4 $5) 13... c6 ({Or} 13... Qb4+ 14. c3 ({
Natural} 14. Kf1 {would meet by} Nxe4 $1 15. dxe4 Qxb5+ $17) (14. Qd2 Qxb2 15.
Bxf6 Qxa1+ 16. Qd1 Qxd1+ 17. Kxd1 g6 18. Rg4 Re6 19. Bxd4 d5 20. Rh4 f6 21.
exd5 Rd6 22. Bc5 Rxd5 23. Bc4 Be6 $11) 14... dxc3 15. Bxf6 $1 (15. bxc3 Qxc3+
16. Bd2 $44) (15. a3 Qd4 16. Be3 Qe5 17. Rg5 Qe6 18. bxc3 c6 19. Bc4 d5 20.
exd5 Qxh3 21. Kd2 cxd5 22. Bxd5 Rxe3 23. fxe3 Nxd5 24. Qg1 $13) 15... cxb2+ 16.
Kf1 g6 17. Rb1 Qxb5 18. Rxb2 $40 {[%csl Rg8]}) 14. Qf3 $1 {[%csl Rf6,Rg8][%cal
Gf3f6,Gg5f6]} Qb4+ $2 $18 {Position is very complicated, so it is difficult to
choice right decision...} ({However, better looks} 14... Kf8 15. Qg3 (15. Qxf6
$6 Qxf6 16. Bxf6 gxf6 17. Ba4 d5 $132) 15... d5 $1 (15... cxb5 16. Bh6 Qe6 (
16... Qb4+ 17. c3 $18) 17. Bxg7+ Ke7 18. Qg5 {[%cal Ge4e5]} d6 19. Rg3 $18 {
[%csl Rf6][%cal Gg3f3,Gg5e7]}) 16. Ba4 (16. Bh6 $2 Bg4 $1) 16... dxe4 (16...
Qb4+ 17. Bd2 Qxb2 18. Qxg7+ (18. Ke2 Bg4+ 19. hxg4 Qa3 20. Bb3 $18) 18... Ke7
19. Bg5 Qxa1+ 20. Ke2 Qxg1 21. Bxf6+ (21. Qxf6+ Kd7 22. Qxf7+ Kd6 23. Qg6+ Kc5
24. Be7+ Rxe7 25. Qxg1 $16) 21... Ke6 22. Qxg1 Kxf6 23. f4 $16) 17. O-O-O $16 {
[%csl Rf8][%cal Ga4b3]}) 15. Kd1 Qxb2 ({Or} 15... Nxe4 16. dxe4 Qxb2 17. Bc4 d5
18. Rc1 $18) 16. Bc1 $4 $132 {Terrible mistake...} ({Immediately wins} 16. Qxf6
Re6 (16... Qxa1+ 17. Bc1 g6 18. Rg4 $18) 17. Qd8+ $1 (17. Qxg7+ Kxg7 18. Bc1+
Rg6 19. Rxg6+ Kxg6 20. Bxb2 cxb5 21. Kd2 d5 22. Rg1+ Kh5 23. exd5 Bxh3 24. Bxd4
$16) 17... Kh7 18. Rc1 Qxb5 19. f4) 16... Qxb5 $8 17. Qxf6 Qh5+ $8 {Due to
this "long" check Black avoids immediate mate.} 18. f3 g6 19. Rg5 Qh7 $2 $14 ({
Much better was to capture Ph3...} 19... Qxh3 20. Rxg6+ (20. Qxd4 Qxf3+ 21. Kd2
d5 22. Bb2 Qf4+ 23. Kd1 $11) 20... fxg6 21. Qxg6+ Kf8 22. Ba3+ (22. Bh6+ Ke7
$11) 22... d6 23. Bxd6+ Re7 24. Qf6+ Kg8 25. Bxe7 Qf1+ 26. Kd2 Qf2+ 27. Kc1
Qe1+ 28. Kb2 Qc3+ $11) 20. Qxd4 Qg7 21. Bb2 Qxd4 22. Bxd4 {Inspite of
simplifications White still has slight advantage.} d6 $4 $18 {Too passive.
Black doesn't feel a danger.} ({It was necessary to play} 22... d5 $1 $14) 23.
h4 {[%cal Gh4h5]} Kf8 ({Too late is} 23... d5 24. h5 dxe4 25. fxe4 Re6 26. Kd2
$18) 24. Kd2 Ke7 25. f4 $1 {[%cal Gd4h8,Gf4f5,Gh4h8] White starts to implement
simple and very strong plan: Pf4-f5 promotion, after g6xf5 - Ph4 promotion.
Bd4 supports it...} c5 26. Bb2 Kd7 (26... b6 27. f5 gxf5 28. exf5 Bb7 29. h5
$18 {[%cal Gh5h8]}) (26... Bd7 27. f5 Rg8 28. Rag1 $18 {[%csl Rg6][%cal Gg1g6,
Gh4h5]}) 27. f5 gxf5 28. h5 $1 (28. exf5 $18) 28... fxe4 29. h6 Kc6 30. h7 e3+
(30... exd3 31. h8=Q Rxh8 32. Bxh8 dxc2 33. Rg8 $18) 31. Ke2 f6 32. Bxf6 Be6
33. Rh1 Rh8 34. Bxh8 Rxh8 35. Kxe3 b5 36. a3 a5 37. Rh6 a4 38. Rxe6 Rxh7 39.
Rgg6 1-0